000 00757nam a2200241Ia 4500
003 OSt
005 20221006165959.0
006 a|||||r|||| 00| 0
007 ta
008 221006b |||||||| |||| 00| 0 eng d
024 _a7,742
037 _cDissertations
040 _aFML
_cFML
_beng
041 _2eng
_aeng
100 _aAkilandiswami S. Au.
_9680865
110 _aDelhi University. Faculty of Music and Fine Arts. Department of Music
245 0 _aThe Advantages and Handicap Having Sanskrit As the Language Used In Compositions
260 _c2002
300 _a111
_ccm.
700 _aDelhi University. Faculty of Music and Fine Arts. Department of Music
942 _cDIS
_2CC
999 _c1122636
_d1122636